EU internal market law
Đã lưu trong:
| Hovedforfatter: | |
|---|---|
| Format: | Bog |
| Sprog: | Undetermined |
| Udgivet: |
London, UK
Cavendish
2002
|
| Fag: | |
| Tags: |
Tilføj Tag
Ingen Tags, Vær først til at tagge denne postø!
|
| Thư viện lưu trữ: | Trung tâm Học liệu Trường Đại học Cần Thơ |
|---|
| LEADER | 00499nam a2200181Ia 4500 | ||
|---|---|---|---|
| 001 | CTU_56189 | ||
| 008 | 210402s9999 xx 000 0 und d | ||
| 082 | |a 341.754 | ||
| 082 | |b D255 | ||
| 100 | |a Gareth Davies | ||
| 245 | 0 | |a EU internal market law | |
| 245 | 0 | |c Gareth Davies | |
| 260 | |a London, UK | ||
| 260 | |b Cavendish | ||
| 260 | |c 2002 | ||
| 650 | |a european union,foreign trade regulation | ||
| 650 | |z european union countries | ||
| 980 | |a Trung tâm Học liệu Trường Đại học Cần Thơ | ||